1843 1050 1412 1799 1604 1221 1451 1984 1192 1389 1311 1481 1428 1965 1748 1657 1146 1701 1626 1651 1087 1449 1438 1445 1453 1173 1898 1204 1871 1236 1637 1209 1601 1341 1409 1457 1864 1034 1339 1932 1314 1557 1759 1537 1930 1249 1667 1350 1369 1494 1684 1274 1858 1849 1789 1989 1886 1315 1306 1275 1625 1803 1984 1559 1844 1130 1004 1075 1715 1057 1706 1607 1592 1236 1774 1133 1035 1690 1088 1371 1301 1460 1907 1166 1460 1124 1271 1757 1653 1760 1504 1824 1829 1558 1762 1850 1430 1367 1845 BCNSPRNW ULIB Ver.6.0+V

เปลี่ยนเป็นภาษาไทย

Change to English
 แสดงรายละเอียดบรรณานุกรม
  กลับหน้าหลัก

Brief Record : Get Marc (ISO 2709) : E-mail record : QR code < ปิดหน้าต่าง
LEADER : 00000nam 2200000uu 4500
001    13399125564
003     ULIB
008    170630s2559||||th 000 0 tha d
020    ^a9789740334453
060 04 ^aW84.3^bช358ก
100 0  ^aชัชวาลย์ จันทรวิจิตร
245 10 ^aการประเมินผลกระทบต่อสุขภาพ หลักการและเครื่องมือ /^cชัชวาลย์จันทรวิจิตร
250    ^aพิมพ์ครั้งที่ 1
260    ^aกรุงเทพฯ :^bสำนักพิมพ์แห่งจุฬาลงกรณ์มหาวิทยาลัย,^c2559
300    ^a246 หน้า ;^c21 ซม.
505 0  ^aความรู้ทั่วไปเกี่ยวกับเอชไอเอ -- ขั้นตอนการทำเอชไอเอ --เอชไอเอแบบเร่งด่วน -- การประเมินความเสี่ยงต่อสุขภาพ --การศึกษาทางด้านระบาดวิทยา -- เครื่องมือวิจัยเชิงคุณภาพ --การมีส่วนร่วมของประชาชน -- เอชไอเอในประเทศไทย --กรณีศึกษาด้านเอชไอเอ
650  4 ^aการประเมินความเสี่ยงด้านสุขภาพ
650  4 ^aการประเมินผลกระทบด้านสุขภาพ
650  4 ^aอนามัยสิ่งแวดล้อม
945    ^p0^l0^i002490
945    ^p0^l0^i002491
945    ^p0^l0^i002492
999    ^aวรรณษา ชูชัยมงคล
รายการนี้ยังไม่มีแท็ก
คุณยังไม่ได้ล็อกอิน คุณสามารถมีกิจกรรมร่วมกับเว็บไซต์ได้ แต่ต้องล็อกอินก่อน ::
  ล็อกอิน

รายการสื่อสารสนเทศ

ลำดับที่ ประเภท เลขเรียก/บาร์โค้ด สถานที่ สถานะ
1. วิทยาศาสตร์การแพทย์ และสุขภาพ
วิทยาศาสตร์การแพทย์ และสุขภาพ
สถานะ=หนังสือเก่า
W84.3 ช358ก ฉ.1 
  Barcode: 002490
ห้องสมุดวิทยาเขตสวรรค์ประชารักษ์
►ส่วนจัดเก็บหนังสือเก่า สปร
บนชั้น
  ขอยืม
2. วิทยาศาสตร์การแพทย์ และสุขภาพ
วิทยาศาสตร์การแพทย์ และสุขภาพ
สถานะ=หนังสือเก่า
W84.3 ช358ก ฉ.2 
  Barcode: 002491
ห้องสมุดวิทยาเขตสวรรค์ประชารักษ์
►ส่วนจัดเก็บหนังสือเก่า สปร
บนชั้น
  ขอยืม
3. วิทยาศาสตร์การแพทย์ และสุขภาพ
วิทยาศาสตร์การแพทย์ และสุขภาพ
สถานะ=หนังสือเก่า
W84.3 ช358ก ฉ.3 
  Barcode: 002492
ห้องสมุดวิทยาเขตสวรรค์ประชารักษ์
►ส่วนจัดเก็บหนังสือเก่า สปร
บนชั้น
  ขอยืม

รายการใกล้เคียง
    ผู้แต่ง [ชัชวาลย์ จันทรวิจิตร]

    หัวเรื่อง [การประเมินความเสี่ยงด้านสุขภาพ]
    หัวเรื่อง [การประเมินผลกระทบด้านสุขภาพ]
    หัวเรื่อง [อนามัยสิ่งแวดล้อม]

BibComment


ยังไม่เคยถูกคอมเมนท์

คอมเมนท์ทรัพยากรรายการนี้
  คอมเมนท์: การประเมินผลกระท..


 Copyright 2026. Bcnsprnw @Library